000 00816nam a2200253 a 4500
001 60231
003 BD-RjUL
005 20211209080821.0
008 161229s2011 bg a|||| ||||o00| 0 eng d
020 _a9845089526
_c: Complimentary
035 _a(BD-RjUL)60355
040 _aBD-RjUL
_beng
_cBD-RjUL
041 _aeng
082 _223
_a630.95492021
_bMAG 2011 (ZS)
110 _aBangladesh Bureau of Statistics
_9179266
245 1 0 _aCensus of agriculture, 2008 :
_bZila series, Magura /
_cBangladesh Bureau Of Statistics.
260 _aDhaka :
_bBBS,
_c2011.
300 _axvi, 242 p. :
_bill. ;
_c28 cm.
490 _aZila series, Magura
500 _aChiefly statistical tables.
650 _aAgriculture
_zBangladesh
_zMagura
_vStatistics
_9179292
830 _aZila series, Magura
_9179293
942 _2ddc
_cRAR
999 _c60231
_d60231